Improvement of Plant Production in the Era of Climate Change/ edited by Shah Fahad, Muhammad Adnan, Shah Saud (Record no. 52357)

MARC details
000 -LEADER
fixed length control field 00623nam a22001817a 4500
003 - CONTROL NUMBER IDENTIFIER
control field OSt
008 - FIXED-LENGTH DATA ELEMENTS--GENERAL INFORMATION
fixed length control field 260626b |||||||| |||| 00| 0 eng d
020 ## - INTERNATIONAL STANDARD BOOK NUMBER
International Standard Book Number 9781032260716
082 ## - DEWEY DECIMAL CLASSIFICATION NUMBER
Classification number 631.58
Item number F15I
245 ## - TITLE STATEMENT
Title Improvement of Plant Production in the Era of Climate Change/ edited by Shah Fahad, Muhammad Adnan, Shah Saud
260 ## - PUBLICATION, DISTRIBUTION, ETC. (IMPRINT)
Place of publication, distribution, etc Boca raton :
Name of publisher, distributor, etc CRC Press,
Date of publication, distribution, etc 2023.
300 ## - PHYSICAL DESCRIPTION
Extent xvi, 276 p.
650 ## - SUBJECT ADDED ENTRY--TOPICAL TERM
Topical term or geographic name as entry element Technologies (Applied Sciences) | Agriculture and Related Technologies | Cropping System | Crop Rotation
700 ## - ADDED ENTRY--PERSONAL NAME
Personal name Fahad, Shah
700 ## - ADDED ENTRY--PERSONAL NAME
Personal name Adnan, Muhammad
700 ## - ADDED ENTRY--PERSONAL NAME
Personal name Saud, Shah
942 ## - ADDED ENTRY ELEMENTS (KOHA)
Source of classification or shelving scheme
Koha item type Books
Holdings
Withdrawn status Lost status Source of classification or shelving scheme Damaged status Not for loan Home library Current library Shelving location Date acquired Source of acquisition Cost, normal purchase price Total Checkouts Full call number Barcode Date last seen Bill Date Koha item type Bill Number
          Dr. Rajendra Prasad Central Agricultural University Pusa, Dr. Rajendra Prasad Central Agricultural University Pusa, General Stacks 26/06/2026 Today & Tomorrow Printers and Publishers 19956.00   631.58 F15I 87582 26/06/2026 29/01/2026 Books Bill No. IN-00449
Hosted, Implemented, Customized & Maintained by: BestBookBuddies

Powered by Koha